Resumen de la historia de Chile
Gardado en:
| Autor Principal: | |
|---|---|
| Outros autores: | |
| Formato: | Libro |
| Idioma: | Lingua castelá |
| Publicado: |
Santiago, Chile
Zig-Zag
1959
|
| Edición: | Tercera edición |
| Subjects: | |
| Tags: |
Engadir etiqueta
Sen Etiquetas, Sexa o primeiro en etiquetar este rexistro!
|
MARC
| LEADER | 00000nam a2200000 a 4500 | ||
|---|---|---|---|
| 001 | UCP9665 | ||
| 003 | CL-VaPUC | ||
| 005 | 20250327093503.0 | ||
| 008 | 000331e19590000CL |||||||||||||||||spa|d | ||
| 999 | |c 286454 |d 286452 | ||
| 040 | |c Pontificia Universidad Católica de Valparaíso | ||
| 082 | 0 | 4 | |a 983 ENC 1959 |2 21 |
| 100 | |a Encina, Francisco Antonio |e autor |9 515542 | ||
| 245 | 1 | 0 | |a Resumen de la historia de Chile |
| 250 | |a Tercera edición | ||
| 260 | |a Santiago, Chile |b Zig-Zag |c 1959 | ||
| 300 | |a 3 volúmenes | ||
| 583 | |a last modification |c 20000331 00:00:00 |k Rodrigo Vera | ||
| 650 | 0 | |a Historia de Chile |9 265473 | |
| 650 | 7 | |a Descubrimiento y Conquista |2 CL-VaPUC |9 321428 |x Historia de Chile | |
| 650 | 0 | |a Guerra de Arauco |x Colonización |9 267618 | |
| 650 | 0 | |a Independencia de Chile |9 440305 | |
| 650 | 7 | |a Guerra de la Confederación Perú-Boliviana |2 CL-VaPUC |9 387835 | |
| 650 | 0 | |a Guerra del Pacífico |9 314886 | |
| 650 | 7 | |a Guerra Civil de 1891 |2 CL-VaPUC |9 408173 |x Historia de Chile | |
| 700 | 0 | |a Castedo, Leopoldo |e coautor |9 440388 | |
| 852 | |a BIBCUR | ||
| 942 | |c BK |2 ddc | ||
| 945 | |d 20000331 00:00:00 |a lriquelm | ||
| 952 | |0 0 |1 0 |2 ddc |4 0 |6 983_000000000000000_ENC_1959 |7 0 |8 A |9 332406 |a BIBHIS |b BIBHIS |d 2019-11-20 |h v.2 |i 1251872 |o 983 ENC 1959 |p 1251872 |r 2025-01-20 |t 1 |w 2019-11-20 |y BK |k HIS | ||
| 952 | |0 0 |1 0 |2 ddc |4 0 |6 983_000000000000000_ENC_1959 |7 0 |8 A |9 332407 |a BIBHIS |b BIBHIS |d 2019-11-20 |h v.3 |i 1251880 |o 983 ENC 1959 |p 1251880 |r 2025-01-20 |t 1 |w 2019-11-20 |y BK |k HIS | ||